000 00695nam a2200241 a 4500
001 BRCA_7716
005 20190320205948.0
008 300813s1935----fr-a######---#000-0#fre-#
041 _afre
044 _afr
050 4 _aN8790
_b.M35 1935
100 1 _aMailfert, André
_919081
245 1 0 _aAu pays des antiquaires
_bconfidences d´un ´maquilleur´ professionnel
_cAndré Mailfert.
260 _aParís
_bFlammarion
_c1935
300 _a171 p.
_bil.,
_c21 cm.
500 _aEjemplar igual a U116
500 _aU58
650 1 4 _aObras de arte
_vFalsificaciones
_919082
650 1 4 _aRestauradores
_vArte
_zFrancia
_919083
650 1 4 _aAnticuarios
_910349
902 _aGFM
942 _2lcc
_cB
999 _c7390
_d7390